000 00439nam a2200205Ia 4500
001 11764
003 GE_BSU
008 181216s||||||||xx |||||||||||||| ||und||
020 _a0006499538
040 _cGE_BSU
080 _a821.111-312
100 _aLustbader,Eric
245 _aDark Homecoming
260 _aLondon
260 _bHarper Collins
260 _c1998
300 _a482p.18cm.
653 _aDark Homecoming
942 _cBK
999 _c44943
_d44943